00416nam a2200157Ia 45000010006000000050017000060080041000230410008000640820015000721000031000872450087001182600009002053000028002146500008002426540008002502080920260306172833.0260306t2015||||xx |||||||||||||| ||spa|| aESP a343.8bC35 aCastro Gálvez, LuiseAUT 0aReparos tributarios por intendencia regional:blo que Sunat fiscaliza en tu ciudad c2015 a497 páginas :c24 cm. aGEN aCDE